Pompaelo II / (Record no. 7758)

MARC details
000 -LEADER
campo de control de longitud fija 00926nam a2200265 i 4500
001 - NÚMERO DE CONTROL
campo de control 7758
003 - IDENTIFICADOR DE NÚMERO DE CONTROL
campo de control ES-MaACL
005 - FECHA Y HORA DE LA ÚLTIMA TRANSACCIÓN
campo de control 20240527195124.0
007 - CAMPO FIJO DE DESCRIPCIÓN FÍSICA--INFORMACIÓN GENERAL
campo de control de longitud fija t|
008 - DATOS DE LONGITUD FIJA--INFORMACIÓN GENERAL
campo de control de longitud fija 910502s1978 sp ||||1| spa d
020 ## - NÚMERO INTERNACIONAL ESTÁNDAR DEL LIBRO
Número Internacional Estándar del Libro 84-235-0348-8
080 ## - NÚMERO DE LA CLASIFICACIÓN DECIMAL UNIVERSAL
Número de la Clasificación Decimal Universal 902.6(465.111.3)
080 ## - NÚMERO DE LA CLASIFICACIÓN DECIMAL UNIVERSAL
Número de la Clasificación Decimal Universal 571(465.111.3)
100 1# - ENTRADA PRINCIPAL--NOMBRE DE PERSONA
Nombre de persona Mezquíriz de Catalán, María Ángeles.
9 (RLIN) 80830
245 10 - MENCIÓN DEL TÍTULO
Título Pompaelo II /
Mención de responsabilidad, etc. Ma Angeles Mezquiriz de Catalan.
260 ## - PUBLICACIÓN, DISTRIBUCIÓN, ETC.
Lugar de publicación, distribución, etc. Pamplona :
Nombre del editor, distribuidor, etc. Institucion Principe de Viana,
Fecha de publicación, distribución, etc. 1978.
300 ## - DESCRIPCIÓN FÍSICA
Extensión 209 p., 123, XXIX p. de lam., [13] h. pleg. ;
Dimensiones 32 cm.
490 1# - MENCIÓN DE SERIE
Mención de serie Excavaciones en Navarra ;
Designación de volumen o secuencia IX
650 14 - PUNTO DE ACCESO ADICIONAL DE MATERIA--TÉRMINO DE MATERIA
Término de materia o nombre geográfico como elemento de entrada Excavaciones arqueológicas-
Subdivisión geográfica Pamplona.
9 (RLIN) 12645
651 #4 - PUNTO DE ACCESO ADICIONAL DE MATERIA--NOMBRE GEOGRÁFICO
Nombre geográfico Pamplona-
Subdivisión general Restos arqueológicos.
9 (RLIN) 9204
710 2# - ENTRADA AGREGADA--NOMBRE DE ENTIDAD CORPORATIVA
Nombre de entidad corporativa o nombre de jurisdicción como elemento de entrada Institución Príncipe de Viana
9 (RLIN) 4730
830 0# - PUNTO DE ACCESO ADICIONAL DE SERIE-TÍTULO UNIFORME
Título uniforme Excavaciones en Navarra ;
Designación de volumen o secuencia IX
9 (RLIN) 177947
852 ## - LOCALIZACIÓN
Ubicación ES-MaACL
Número de control de estantería C-10411
Sublocalización o colección R.119305
Nota libre . - rust.
Holdings
Estatus retirado Estado de pérdida Estado de daño No para préstamo Biblioteca de origen Biblioteca actual Ubicación en estantería Fecha de adquisición Fuente de adquisición Total de préstamos Signatura topográfica completa Código de barras Visto por última vez Precio de reemplazo Tipo de ítem Koha
        Biblioteca del Ateneo de Madrid Biblioteca del Ateneo de Madrid Sala Palomar 17/01/2008     C-10411 1007912 23/02/2023 23/02/2023 Libro impreso